Normal view
MARC view
Entry Topical Term
001 - CONTROL NUMBER
- control field: 51264
003 - CONTROL NUMBER IDENTIFIER
- control field: OSt
005 - DATE AND TIME OF LATEST TRANSACTION
- control field: 20160409121738.0
008 - FIXED-LENGTH DATA ELEMENTS
- fixed length control field: 160409|| aca||aabn | a|a d
040 ## - CATALOGING SOURCE
- Original cataloging agency: OSt
- Transcribing agency: OSt
150 ## - HEADING--TOPICAL TERM
- Topical term or geographic name entry element: भौतिकी विज्ञान
670 ## - SOURCE DATA FOUND
- Source citation: Work cat.: (OSt)45125: डॉ गोपालकृष्ण शेवडे 51263, प्रकाशीय उर्जा एवं लेजर किरणें, 2010









